| 000 | 03463cam a22006854i 4500 | ||
|---|---|---|---|
| 003 | PE-LiUPU | ||
| 005 | 20250731170448.0 | ||
| 008 | 150706s2009 mx a r 000 0 spa d | ||
| 020 | _a9708300543 | ||
| 020 | _a9789708300544 | ||
| 035 | _a(Sirsi) i9789708300544 | ||
| 040 |
_aPE-LiUPU _bspa _cPE-LiUPU _dPE-LiUPU _erda |
||
| 049 | _aPRUA | ||
| 082 | 0 | 4 |
_a155.4 _bK77 _221 |
| 100 | 1 |
_aKostelnik, Marjorie J., _eautor. |
|
| 245 | 1 | 3 |
_aEl desarrollo social de los niños / _cMarjorie J. Kostelnik, Alice Phipps Whiren, Anne K. Soderman. |
| 264 | 1 |
_aMéxico : _bCengage Learning, _c2009. |
|
| 300 |
_a502 páginas : _bilustraciones ; _c25 centímetros |
||
| 336 |
_atext _2rdacontent |
||
| 337 |
_aunmediated _2rdamedia |
||
| 338 |
_avolume _2rdacarrier |
||
| 504 | _aIncluye bibliografía. | ||
| 505 | 0 | _aCómo influir en la vida de los niños -- Las relaciones sociales en la infancia -- Cómo establecer relaciones positivas mediante la comunicación no verbal -- Cómo fomentar la adquisición del sentido del yo en los niños mediante la comunicación verbal -- Cómo apoyar el desarrollo emocional de los niños -- Cómo apoyar al niño en situaciones de estrés -- Cómo mejorar el juego -- Cómo apoyar las relaciones y la amistad con los compañeros -- Cómo influir en el desarrollo social del niño estructurando el ambiente físico -- Cómo fomentar la autodisciplina en los niños: comunicación de las expectativas y las reglas -- Cómo fomentar la autodisciplina en los niños: ofrecer soluciones y explicar las consecuencias -- Control de la conducta agresiva en los niños -- Cómo fomentar la conducta prosocial -- Cómo apoyar el desarrollo del niño: sexualidad, etnicidad y necesidades excepcionales -- Cómo tomar decisiones éticas y realizar juicios éticos. | |
| 526 | _aSEG68 | ||
| 526 | _aSEG70 | ||
| 526 | _aSEG69 | ||
| 526 | _aSEG67 | ||
| 526 | _aSEG43 | ||
| 526 | _aP144 | ||
| 526 | _aP143 | ||
| 526 | _aP131 | ||
| 526 | _aP122 | ||
| 526 | _aP120 | ||
| 526 | _aP117 | ||
| 526 | _aP112 | ||
| 526 | _aP110 | ||
| 526 | _aP106 | ||
| 526 | _aP101 | ||
| 526 | _aP80 | ||
| 526 | _aP59 | ||
| 526 | _aP54 | ||
| 526 | _aP35 | ||
| 526 | _aP33 | ||
| 526 | _aP30 | ||
| 541 | _g015-0011610; | ||
| 541 | _g0021-0002811; | ||
| 650 | 0 | 4 | _aDesarrollo del niño. |
| 650 | 0 | 4 |
_aNiños _xHabilidades sociales. |
| 650 | 0 | 4 | _aSocialización. |
| 700 | 1 |
_aPhipps Whiren, Alice, _eautor. |
|
| 700 | 1 |
_aSoderman, Anne K, _eautor. |
|
| 910 |
_bjv _clch _d20100520 |
||
| 942 |
_2ddc _cBOOK |
||
| 949 |
_a155.4 K77 _wDEWEY _c1 _i61721 _d2016-8-23 _e2016-8-23 _lCCODEBUL1 _mBUL _n12 _p36.00 _r0 _sY _tBOOK _u2015-7-6 _xSALUD _PP20 _0COMPRA _o.STAFF. Colección Ciencias de la Salud |
||
| 949 |
_a155.4 K77 _wDEWEY _c2 _i74992 _lCCODEBUL1 _mBUL _p36.60 _r0 _sY _tBOOK _u2016-12-5 _xSALUD _PP33 _0COMPRA _o.STAFF. Colección Ciencias de la Salud |
||
| 994 |
_aC0 _bPEPRU |
||
| 596 | _a1 | ||
| 999 |
_a155.4 K77 _wDEWEY _c50869 _i61721 _d50869 _e2018-10-18 _f2021-11-3 _g5 _lCCODEBUL1 _mBUL _n14 _p36.00 _q3 _r0 _sY _tBOOK _u2015-7-6 _xSALUD _zUNKNOWN _0COMPRA _o.STAFF. Colección Ciencias de la Salud |
||
| 999 |
_a155.4 K77 _wDEWEY _c2 _i74992 _d2018-12-4 _e2018-10-31 _f2021-11-3 _g5 _lCCODEBUL1 _mBUL _n8 _p36.60 _q6 _r0 _sY _tBOOK _u2016-12-5 _xSALUD _zP33 _0COMPRA _o.STAFF. Colección Ciencias de la Salud |
||
| 980 |
_81 _gALBERTO SANCHEZ Responsable de Automatización |
||